000 00675nam a2200205Ii 4500
003 JO-AjNU
008 230605s9999||||xx |||||||||||||| ||und||
040 _aJO-AjNU
_bara
_erda
_cJO-AjNU
041 _aara
050 1 4 _aK3400.U39
100 3 _a السيد، حمدى أبو النور ، حسن ، أمل لطفى ,
_eauthor
_944695
245 0 0 _aأصول القانون الإداري
250 _a(د،ط)
264 3 1 _aالقاهرة : دار النهضة العربية
300 _a638ص
336 _atext
_btxt
_2rdacontent
337 _aunmediated
_bn
_2rdamedia
338 _avolume
_bnc
_2rdacarrier
650 4 _aقانون اداري -- أصول
_944696
999 _aA19318
_c22886
_d22886